|
|
|
|
| LEADER |
00822cam a2200217 a 4500 |
| 005 |
20151202113101.0 |
| 008 |
151202b xxu||||| |||| 00| 0 eng d |
| 020 |
|
|
|a 9789004132818
|
| 082 |
0 |
0 |
|a 418.02 NID
|2 21
|
| 100 |
1 |
|
|a Nida, Eugene A.
|q (Eugene Albert),
|
| 245 |
1 |
4 |
|a The theory and practice of translation /
|c by Eugene A. Nida and Charles R. Taber
|
| 260 |
|
|
|a Leiden ;
|a Boston, MA :
|b Brill,
|c 2003.
|
| 300 |
|
|
|a 218p.
|
| 500 |
|
|
|a Originally published: 1969, in series: Helps for translators, v. 8.
|
| 630 |
0 |
0 |
|a Bible
|
| 650 |
|
|
|a Translation
|
| 650 |
|
|
|a Translating
|
| 700 |
1 |
|
|a Taber, Charles R.
|
| 942 |
|
|
|2 ddc
|c BK
|
| 999 |
|
|
|c 13145
|d 13145
|
| 952 |
|
|
|0 0
|1 0
|2 ddc
|4 0
|6 418_020000000000000_NID
|7 0
|9 18792
|a MAIN
|b MAIN
|d 2015-12-02
|e Mathrubhumi Books
|g 3937.00
|l 2
|o 418.02 NID
|p 19042
|r 2020-02-10
|s 2020-02-06
|t 1
|w 2015-12-02
|y BK
|